Oxford addresses on poetry / (Record no. 19269)
[ view plain ]
| 000 -LEADER | |
|---|---|
| fixed length control field | 00735nam a2200253 a 4500 |
| 001 - CONTROL NUMBER | |
| control field | 19269 |
| 003 - CONTROL NUMBER IDENTIFIER | |
| rucl marc code | BD-RjUL |
| 005 - DATE AND TIME OF LATEST TRANSACTION | |
| control field | 20211212111901.0 |
| 008 - FIXED-LENGTH DATA ELEMENTS--GENERAL INFORMATION | |
| fixed length control field | 140223s1962 enk 000 0 eng u |
| 035 ## - SYSTEM CONTROL NUMBER | |
| System control number | (BD-RjUL)19327 |
| 040 ## - CATALOGING SOURCE | |
| Original cataloging agency | YNG |
| Modifying agency | m.c |
| -- | BD-RjUL |
| Language of cataloging | eng |
| Transcribing agency | BD-RjUL |
| 041 ## - LANGUAGE CODE | |
| Language code of text/sound track or separate title | eng |
| 082 ## - DEWEY DECIMAL CLASSIFICATION NUMBER | |
| Classification number | 821.09 |
| Author mark and year | GRO |
| 100 1# - MAIN ENTRY--PERSONAL NAME | |
| Personal name | Graves, Robert, |
| Dates associated with a name | 1895-1985. |
| 9 (RLIN) | 55177 |
| 245 10 - TITLE STATEMENT | |
| Title | Oxford addresses on poetry / |
| Statement of responsibility, etc. | Robert Graves. |
| 260 ## - PUBLICATION, DISTRIBUTION, ETC. (IMPRINT) | |
| Place of publication, distribution, etc. | London : |
| Name of publisher, distributor, etc. | Cassell, |
| Date of publication, distribution, etc. | 1962. |
| 300 ## - PHYSICAL DESCRIPTION | |
| Pagination | 129 p. ; |
| Size | 23 cm. |
| 510 4# - CITATION/REFERENCES NOTE | |
| Name of source | Higginson, Fred H. Bibliography of the writings of Robert Graves, |
| Location within source | A97a |
| 650 #0 - SUBJECT ADDED ENTRY--TOPICAL TERM | |
| Topical term or geographic name as entry element | English poetry. |
| 9 (RLIN) | 59274 |
| 942 ## - ADDED ENTRY ELEMENTS (KOHA) | |
| Source of classification or shelving scheme | Dewey Decimal Classification |
| Koha item type | Books |
| Lost status | Source of classification or shelving scheme | Damaged status | Not for loan | Collection code | Permanent Location | Current Location | Shelving location | Date acquired | Source of acquisition | Cost, normal purchase price | Total Checkouts | Full call number | Date last seen | Copy number | Koha item type |
|---|---|---|---|---|---|---|---|---|---|---|---|---|---|---|---|
| Dewey Decimal Classification | Not For Loan | Fiction | Central Library, University of Rajshahi | Central Library, University of Rajshahi | Reading Room | 23/01/1987 | New Mohinuddin and sons | 14.40 | 821.09 GRO 1962 | 23/02/2014 | C-1 | Books | |||
| Dewey Decimal Classification | Fiction | Central Library, University of Rajshahi | Central Library, University of Rajshahi | 31/10/1968 | Mohiuddin & Sons. | 14.40 | 821.09 GRO 1962 | 02/03/2014 | C-2 | Books |